Diaspora-Vietnam - Statistics

General Stats
  • This quiz has been taken 165 times
  • The average score is 22 of 26
Answer Stats
Number of immigrants Continent Country % Correct
2.104.217 North America United States of America
99%
350.000 Europe France
98%
294.798 Oceania Australia
97%
28.199 Asia China
96%
150.000 Europe Germany
96%
240.514 North America Canada
95%
55.000 Europe United Kingdom
95%
17.622 Asia Thailand
93%
262.405 Asia Japan
92%
13.954 Asia/ Europe Russia
89%
600.000 Asia Cambodia
87%
70.000 Asia Malaysia
87%
6.660 Oceania New Zealand
87%
143.000 Asia South Korea
87%
30.000 Asia Laos
85%
17.085 Europe Sweden
85%
20.603 Europe the Netherlands
78%
14.669 Europe Denmark
77%
21.721 Europe Norway
76%
14.000 Europe Belgium
75%
50.000 Europe Poland
74%
200.000 Asia Taiwan
73%
20.000 Asia United Arab Emirates
69%
14.496 Europe Switzerland
66%
83.000 Europe Czech Republic
64%
8.000 Asia Qatar
50%
No matching quizzes found
Score Distribution
Percent of People with Each Score
Percentile by Number Answered
Your Score History
You have not taken this quiz